000 00772nam a2200217 i 4500
001 bg
245 0 _aWybrane problemy z polityki rozwoju telekomunikacji /
_c[red. nauk. Roman Czaplewski] ; [aut. Henryk Babis et al.].
260 _aSzczecin :
_bWydaw. Naukowe US,
_c1993.
300 _a96, [1] s. :
_bwykr. ;
_c25 cm.
490 1 _aRozprawy i Studia / Uniwersytet Szczeciński,
_x0860-2751 ;
_vt. 125
504 _aBibliogr. s. 93-96.
700 1 _aCZAPLEWSKI, Roman.
_ered. nauk.
700 1 _aBABIS, Henryk.
710 _aUNIWERSYTET SZCZECIŃSKI (Szczecin)
830 0 _aRozprawy i Studia (Uniwersytet Szczeciński) ;
_vt. 125
040 _cBPK
041 _apol
080 _a338.47:654:621.39::008
942 _cKS
008 s pl f |000 0 pol
999 _c30037
_d30037
856 _uhttp://koha.tu.koszalin.pl/cgi-bin/koha/opac-detail.pl?biblionumber=30037
_yKatalog online BPK